• 首页
  • 本馆介绍
  • 公告通知
  • 最新文献
  • 馆藏检索
  • 电子资源
  • 读者导购
  • 参考咨询
  • 我的图书馆
  • 登录
  • 详细信息显示
  • 放入我的书架
  • 预约/预借图书
  • 作者相关作品
  • 分类相关作品
  • 丛书相关作品
  • 出版社相关作品

书目信息

  • 表格格式
  • 工作单格式
  • 卡片格式
题名:
德汉袖珍词典
    
 
作者: ;台北中央图书出版社 编著
分册:  
出版信息: 北京   外文出版社  2004
页数: 15,960页
开本: 17cm
丛书名:
单 册:
中图分类: H336
科图分类:
主题词: 德语--汉语--词典 , 德语 , 汉语 , 词典
电子资源:
ISBN: 7-119-03676-9
000 00937nam0 2200277 450
001 002732547
005 20070805095759.68
010    @a7-119-03676-9@dCNY48.00
100    @a20040802d2004 em y0chiy0110 ea
101 0  @achi@ager
102    @aCN@b110000
105    @aa e 000yy
106    @ar
200 1  @a德汉袖珍词典@Ade han xiu zhen ci dian@f台北中央图书出版社编辑部编著@Ftai bei zhong yang tu shu chu ban she bian ji bu bian zhu
210    @a北京@c外文出版社@d2004
215    @a15,960页@c图@d17cm
330    @a本书收录了涉及各个专业学科的词目20000个,遵循最新的德语正字法规律编写,进行准确释义,并提供实用例句。
510 1  @aDeutsch-Chinesisches Taschenworterbuch@zger
606 0  @a德语@x汉语@j词典
606 0  @a德语
606 0  @a汉语
606 0  @a词典
690    @aH336@v4
711 02 @a台北中央图书出版社@Atai bei zhong yang tu shu chu ban she@b编辑部@4编著
801  0 @aCN@bNLC@c20070805
905    @dH336@e180@f3
    
    德汉袖珍词典/台北中央图书出版社编辑部编著.-北京:外文出版社,2004
    15,960页:图;17cm
    
    
    ISBN 7-119-03676-9:CNY48.00
    本书收录了涉及各个专业学科的词目20000个,遵循最新的德语正字法规律编写,进行准确释义,并提供实用例句。
●
相关链接 在E读中查询图书 在五车中查询图书 在当当中查询图书 在豆瓣中查询图书


正题名:德汉袖珍词典     索取号:H336/180         预约/预借

序号 登录号 条形码 馆藏地/架位号 状态 备注
1 0852434   208524346   第二样本阅览室/ [索取号:H336/180] 在馆    
2 0852435   208524355   密集书库/ [索取号:H336/180] 在馆    
3 0852436   208524364   工具书阅览室/ [索取号:H336/180] 在馆    
唐山师范学院图书馆 欢迎您!
大连网信软件有限公司© 版权所有